Potentials of puncture tapping (Record no. 65408)

MARC details
000 -LEADER
fixed length control field 00338nam a2200145Ia 4500
100 ## - MAIN ENTRY--AUTHOR NAME
Personal name Leong T T
245 #0 - TITLE STATEMENT
Title Potentials of puncture tapping
260 ## - PUBLICATION, DISTRIBUTION, ETC. (IMPRINT)
Name of publisher Planter
Year of publication 1977
300 ## - PHYSICAL DESCRIPTION
Number of Pages 297-307
650 ## - SUBJECT ADDED ENTRY--TOPICAL TERM
Topical Term Puncture tapping
700 ## - ADDED ENTRY--PERSONAL NAME
Personal name Ravoof A A
700 ## - ADDED ENTRY--PERSONAL NAME
Personal name Tan H T
942 ## - ADDED ENTRY ELEMENTS (KOHA)
Koha item type Journals
Holdings
Withdrawn status Lost status Damaged status Not for loan Home library Current library Shelving location Date acquired Serial Enumeration / chronology Koha item type
      Journals RRII Library RRII Library Physiology 17/12/2021 Volume 53, Issue Journals